Catálogo

Mankind evolving : (Registro nro. 67665)

Detalles MARC
000 -LEADER
fixed length control field 01050cam a2200313 i 4500
001 - CONTROL NUMBER
control field 67665
003 - CONTROL NUMBER IDENTIFIER
control field Mx-PuUPA
005 - DATE AND TIME OF LATEST TRANSACTION
control field 20260518133000.0
008 - FIXED-LENGTH DATA ELEMENTS--GENERAL INFORMATION
fixed length control field 140415s1962 ctua fr 000 0 eng d
020 ## - INTERNATIONAL STANDARD BOOK NUMBER
International Standard Book Number 9780300000702
040 ## - CATALOGING SOURCE
Original cataloging agency MX-PuUPA
Language of cataloging spa
Description conventions rda
Transcribing agency Mx-PuUPA
Modifying agency Mx-PuUPA
041 0# - LANGUAGE CODE
Language code of text/sound track or separate title eng
100 1# - MAIN ENTRY--PERSONAL NAME
Personal name Dobzhansky, Theodosius,
Dates associated with a name 1900-1975
Relator term autor
9 (RLIN) 5247
245 10 - TITLE STATEMENT
Title Mankind evolving :
Remainder of title the evolution of the human species /
Statement of responsibility, etc. by Theodosius Dobzhansky
264 #1 - PRODUCTION, PUBLICATION, DISTRIBUTION, MANUFACTURE, AND COPYRIGHT NOTICE
Place of production, publication, distribution, manufacture New Haven, Connecticut :
Name of producer, publisher, distributor, manufacturer Yale University Press,
Date of production, publication, distribution, manufacture, or copyright notice ©1962
300 ## - PHYSICAL DESCRIPTION
Extent xiii, 381 páginas :
Other physical details ilustraciones ;
Dimensions 22 cm
336 ## - CONTENT TYPE
Content type term texto
Fuente rdacontent
Content type code txt
337 ## - MEDIA TYPE
Media type term sin medio
Source rdamedia
Media type code n
338 ## - CARRIER TYPE
Carrier type term volumen
Source rdacarrier
Carrier type code nc
490 0# - SERIES STATEMENT
Series statement Sociology
490 0# - SERIES STATEMENT
Series statement Anthropology ;
Volume/sequential designation Y-116
500 ## - GENERAL NOTE
General note Reimpresiones: (Seventeenth, 1975).
650 #7 - SUBJECT ADDED ENTRY--TOPICAL TERM
Source of heading or term armarc
Topical term or geographic name entry element Evolución humana
650 #7 - SUBJECT ADDED ENTRY--TOPICAL TERM
Source of heading or term armarc
Topical term or geographic name entry element Seres humanos
General subdivision Origen
650 #7 - SUBJECT ADDED ENTRY--TOPICAL TERM
Source of heading or term armarc
Topical term or geographic name entry element Genética humana
942 ## - ADDED ENTRY ELEMENTS (KOHA)
Source of classification or shelving scheme Dewey Decimal Classification
Classification part 575
Item part D63
Koha item type Libro
Existencias
Withdrawn status Lost status Source of classification or shelving scheme Damaged status Not for loan Collection code Home library Current library Shelving location Date acquired Source of acquisition Total Checkouts Full call number Barcode Date last seen Copy number Price effective from Koha item type Date last checked out
    Dewey Decimal Classification     General Centro de Estudios en Ciencia y Religión Centro de Estudios en Ciencia y Religión Sala general 03/12/2013 Compra   575 D63 1962 86230 05/01/2026 Ej.2 20/11/2015 Libro  
    Dewey Decimal Classification     General Centro de Estudios en Ciencia y Religión Centro de Estudios en Ciencia y Religión Sala general 16/08/2017 Compra   575 D632 1962 98351 05/01/2026   03/01/2018 Libro 16/10/2017